| 000 -LEADER |
| fixed length control field |
00475cam a22001217a 4500 |
| 008 - FIXED-LENGTH DATA ELEMENTS--GENERAL INFORMATION |
| fixed length control field |
180718b1975 xxu||||| |||| 00| 0 eng d |
| 082 ## - DEWEY DECIMAL CLASSIFICATION NUMBER |
| Classification number |
A81x54 In2/71/1/Mon-2/Pt 1 |
| 100 ## - MAIN ENTRY--PERSONAL NAME |
| Personal name |
Census of India 1971 |
| 245 ## - TITLE STATEMENT |
| Title |
Grammatical sketches of Indian languages with comparative vocabulary and texts |
| 260 ## - PUBLICATION, DISTRIBUTION, ETC. |
| Place of publication, distribution, etc. |
Delhi |
| Name of publisher, distributor, etc. |
The Controller of Publications |
| Date of publication, distribution, etc. |
1975 |
| 300 ## - PHYSICAL DESCRIPTION |
| Extent |
563+p. |
| 440 ## - SERIES STATEMENT/ADDED ENTRY--TITLE |
| Title |
Census of India 1971. Series-1, Lanaguage Monograph (1961 Series). Monograph No. 2 (Part I) |